|
|
|
|
| LEADER |
01231nam a2200265 a 4500 |
| 001 |
c000053777 |
| 003 |
CARM |
| 005 |
00000000000000.0 |
| 008 |
s1965 enkabf 00110 eng d |
| 019 |
1 |
|
|a 27231168
|z 42249003
|z 43336177
|z 3911399
|z 28157291
|z 53414885
|z 54069427
|z 56464737
|5 LACONCORD2021
|
| 035 |
|
|
|a (OCoLC)2865302
|5 LACONCORD2021
|
| 040 |
|
|
|a ANL
|c ANL
|
| 043 |
|
|
|a ae-----
|
| 100 |
1 |
|
|a Collis, Maurice,
|d 1889-
|
| 245 |
1 |
0 |
|a Wayfoong, the Hongkong and Shanghai Banking Corporation :
|b a study of East Asia's transformation, political, financial and economic, during the last hundred years /
|c by Maurice Collis.
|
| 260 |
|
|
|a London :
|b Faber and Faber,
|c 1965.
|
| 300 |
|
|
|a xii, 269 p., [48] leaves of plates :
|b ill. (some col.), maps ;
|c 26 cm.
|
| 500 |
|
|
|a Includes index.
|
| 610 |
2 |
0 |
|a Hongkong and Shanghai Banking Corporation
|x History.
|
| 650 |
|
0 |
|a Banks and banking
|z East Asia.
|
| 650 |
|
0 |
|a Banks and banking, International.
|
| 651 |
|
0 |
|a East Asia
|x Economic conditions.
|
| 852 |
8 |
|
|b CARM
|h A2:AF10E0
|i C01364
|p 0075615
|f BK
|
| 999 |
f |
f |
|i 7b64afad-984e-5ae1-9e58-fdae03db6888
|s 55d9e94a-fe9d-5c8e-9658-a4de0b0a24bc
|
| 952 |
f |
f |
|p Can circulate
|a CAVAL
|b CAVAL
|c CAVAL
|d CARM 1 Store
|e C01364
|f A2:AF10E0
|h Other scheme
|i book
|m 0075615
|